[Event "Las Americas op U1800 Hybrid"]
[Site "Internet"]
[Date "2022.06.04"]
[Round "4.21"]
[White "Ruiz Zurita, Cesar Josaya"]
[Black "Murillo Rojas, Hugo Ernesto"]
[Result "0-1"]
[WhiteElo "1589"]
[BlackElo "1230"]
[PlyCount "120"]
[EventDate "2022.06.04"]
[EventType "swiss"]
[EventRounds "6"]
[EventCountry "VEN"]
[SourceTitle "EXT 2024"]
[Source "ChessBase"]
[SourceDate "2023.10.10"]
[SourceVersion "1"]
[SourceVersionDate "2023.10.10"]
[SourceQuality "1"]

1. g3 e5 2. Bg2 Nc6 3. c4 Nf6 4. Nc3 Bb4 5. Nd5 Bc5 6. d3 0-0 7. Bg5 Bxf2+ 8. Kf1 Nxd5 9. Bxd8 Ne3+ 10. Kxf2 Nxd1+ 11. Rxd1 Rxd8 12. Nf3 d6 13. h3 h6 14. g4 Be6 15. Rdg1 g6 16. e4 Nb4 17. Ke3 Nxa2 18. Bf1 Nb4 19. Be2 a5 20. Rf1 b6 21. g5 h5 22. Nh4 Nc2+ 23. Kd2 Nd4 24. Rf6 Kg7 25. Rh2 a4 26. Rhf2 a3 27. bxa3 Rxa3 28. Ke3 Ra2 29. Bf1 Rda8 30. Rxa2 Rxa2 31. Rf2 Rxf2 32. Kxf2 f6 33. gxf6+ Kxf6 34. Kg3 g5 35. Ng2 Nc2 36. h4 g4 37. Be2 Bd7 38. Bd1 Nb4 39. Ne3 b5 40. Be2 bxc4 41. Nxc4 Bb5 42. Ne3 c6 43. Nc4 Bxc4 44. dxc4 Na6 45. Kf2 Nc5 46. Ke3 Nd7 47. Bd1 c5 48. Ba4 Nf8 49. Be8 Ng6 50. Kf2 Nf4 51. Kg3 Ke7 52. Bc6 Ne2+ 53. Kf2 Nd4 54. Bd5 Nf3 55. Kg3 Ng1 56. Kf2 Nh3+ 57. Kg3 Nf4 58. Bc6 Kd8 59. Ba4 Kc7 60. Be8 Kb6 0-1

[Event "Pan American-ch School U15"]
[Site "Medellin"]
[Date "2019.11.17"]
[Round "9"]
[White "Ruiz Zurita, Cesar Josaya"]
[Black "Gonzalez De la Guardia, Luis Emilio"]
[Result "0-1"]
[WhiteElo "1394"]
[BlackElo "1439"]
[PlyCount "55"]
[EventDate "2019.11.12"]
[EventType "swiss"]
[EventRounds "9"]
[EventCountry "COL"]
[SourceTitle "CBM 193 Extra"]
[Source "ChessBase"]
[SourceDate "2020.01.31"]
[SourceVersion "1"]
[SourceVersionDate "2020.01.31"]
[SourceQuality "1"]

1. g3 d5 2. Bg2 e5 3. c4 d4 4. d3 Nf6 5. Na3 Nc6 6. Nc2 a5 7. Bg5 h6 8. Bxf6 Qxf6 9. Nf3 Be7 10. 0-0 0-0 11. Qd2 Be6 12. a3 a4 13. Rfb1 Na5 14. Qe1 Nb3 15. Ra2 Rab8 16. Nd2 b5 17. Nb4 Nxd2 18. Qxd2 bxc4 19. Raa1 cxd3 20. exd3 Bxb4 21. axb4 Bb3 22. Re1 Qd6 23. Rac1 Rxb4 24. Rxe5 Rfb8 25. Rec5 Be6 26. Qd1 Rxb2 27. Qxa4 Rb1 28. Rxc7 0-1

[Event "Pan American-ch School U15"]
[Site "Medellin"]
[Date "2019.11.14"]
[Round "5"]
[White "Vargas, Daniel Fernando"]
[Black "Ruiz Zurita, Cesar Josaya"]
[Result "0-1"]
[WhiteElo "1594"]
[BlackElo "1394"]
[PlyCount "88"]
[EventDate "2019.11.12"]
[EventType "swiss"]
[EventRounds "9"]
[EventCountry "COL"]
[SourceTitle "CBM 193 Extra"]
[Source "ChessBase"]
[SourceDate "2020.01.31"]
[SourceVersion "1"]
[SourceVersionDate "2020.01.31"]
[SourceQuality "1"]

1. c4 g6 2. g3 Bg7 3. Bg2 c5 4. Nc3 d6 5. Nf3 Nf6 6. d4 cxd4 7. Nxd4 0-0 8. 0-0 a6 9. e4 Bg4 10. f3 Bd7 11. Be3 Nc6 12. Nxc6 bxc6 13. Qe2 Qc7 14. Rfd1 Rfb8 15. c5 d5 16. exd5 Nxd5 17. Nxd5 cxd5 18. Rd2 Bc6 19. Rad1 Qa5 20. a3 Rxb2 21. Rxb2 Bxb2 22. Rb1 Bf6 23. Qd3 d4 24. Bh6 Qxc5 25. Kh1 Bb5 26. Qe4 Rc8 27. Bh3 e6 28. Bf1 Bxf1 29. Rxf1 Qxa3 30. Rd1 Rd8 31. Rd3 Qc5 32. Qe2 Bg5 33. Bxg5 Qxg5 34. Qb2 Qb5 35. Qc2 a5 36. Kg2 a4 37. g4 Qd7 38. h4 e5 39. Qe2 Qb5 40. Qc2 Qd5 41. Ra3 d3 42. Qa2 Qd4 43. h5 e4 44. h6 e3 0-1